[Event "Mittelfrank Regionalliga Sud-Ost 2223"]
[Site "Mittelfranken"]
[Date "2023.01.15"]
[Round "5.7"]
[White "Denk, Tobias"]
[Black "Goderbauer, Josef"]
[Result "1/2-1/2"]
[WhiteElo "1828"]
[BlackElo "1781"]
[PlyCount "125"]
[EventDate "2022.10.09"]
[EventType "team-tourn"]
[EventRounds "9"]
[EventCountry "GER"]
[SourceTitle "EXT 2024"]
[Source "ChessBase"]
[SourceDate "2023.10.10"]
[SourceVersion "1"]
[SourceVersionDate "2023.10.10"]
[SourceQuality "1"]
[WhiteTeam "Ergolding"]
[BlackTeam "Moosburg"]
[WhiteTeamCountry "GER"]
[BlackTeamCountry "GER"]

1. c4 g6 2. Nc3 Bg7 3. g3 d6 4. Bg2 e6 5. d4 Ne7 6. Nf3 Nd7 7. Bg5 h6 8. Bd2 0-0 9. 0-0 a6 10. e4 c5 11. Be3 Qc7 12. Rc1 Rb8 13. Qd2 Kh7 14. Rfd1 b6 15. b3 Rd8 16. h4 Bb7 17. Nh2 f5 18. d5 e5 19. h5 gxh5 20. exf5 Nf6 21. Qc2 Bc8 22. Bh3 Kh8 23. Nf3 Neg8 24. Nh4 Qf7 25. f3 Re8 26. Ne4 Nxe4 27. fxe4 Nf6 28. Ng6+ Kh7 29. Bg2 Ng4 30. Qe2 Bf6 31. Bd2 Rg8 32. Bf3 Rxg6 33. fxg6+ Qxg6 34. Qg2 Rb7 35. Bxg4 Bxg4 36. Rf1 Rg7 37. Rf2 h4 38. Rc3 h3 39. Qh1 Rf7 40. Be1 h5 41. Kh2 Rg7 42. Qf1 Bg5 43. Bd2 Qxe4 44. Bxg5 Rxg5 45. Rf7+ Rg7 46. Rxg7+ Kxg7 47. Qf2 Kg6 48. Re3 Qf5 49. Qd2 e4 50. Qe1 Bf3 51. Qf2 Bg4 52. Qc2 Bf3 53. Qf2 Qg4 54. Qf1 Qg5 55. Rxf3 exf3 56. Qxf3 Qg4 57. Qe3 h4 58. Qe8+ Kg5 59. Qe7+ Kh5 60. Qxd6 Qe2+ 61. Kxh3 Qf1+ 62. Kh2 Qf2+ 63. Kh3 1/2-1/2